Entry Topical Term
Number of records used in: 24
001 - CONTROL NUMBER
003 - CONTROL NUMBER IDENTIFIER
005 - DATE AND TIME OF LATEST TRANSACTION
- control field:
20240831150304.0
008 - FIXED-LENGTH DATA ELEMENTS
- fixed length control field:
240831|| aca||aabn | a|a d
040 ## - CATALOGING SOURCE
- Original cataloging agency:
JRU
- Transcribing agency:
JRU
150 ## - HEADING--TOPICAL TERM
- Topical term or geographic name as entry element:
BMLT
670 ## - SOURCE DATA FOUND
- Source citation:
Work cat.: (JRU)8615: TANDON, O.P AND TRIPATHI, YOGESH 8486, BEST & TAYLOR'S PHYSIOLOGICAL BASIS OF MEDICAL PRACTICE, 2012